000
00293nab a22001097u 4500
008
130520b1990 xxu||||| |||| 00| 0 spa d
041
_a
spa
100
1
_a
Fuchs, G.
_9
67440
245
0
0
_a
¿Fracasa Dios?
_c
G. Fuchs
773
0
_t
Concilium
_g
V.2,1990,págs.345-357
_x
0210-1041
_w
Rev134
942
_c
AR
999
_c
355563
_d
355563